[Event "30. Augsburger Friedensfest-Open"]
[Site "Augsburg"]
[Date "2025.08.08"]
[Round "3.19"]
[White "Stork, Simon"]
[Black "Reschka, Hans"]
[Result "1/2-1/2"]
[WhiteElo "2063"]
[BlackElo "1886"]
[EventDate "2025.08.07"]
[Time "09:30:00"]
[WhiteNrv "2063"]
[BlackNrv "1886"]
[WhiteTwz "2063"]
[BlackTwz "1886"]
[WhiteFideId "16217012"]
[BlackFideId "34638148"]
[WhiteNatFedId "10217074"]
[BlackNatFedId "10828393"]
[WhiteAttr "M"]
[BlackAttr "M"]
[WhiteTeam "SK Rochade Augsburg"]
[BlackTeam "SK Kriegshaber"]

1.e4 e5 2.Nf3 Nc6 3.Bc4 Nf6 4.d3 Be7 5.Nc3 d6 6.a3 O-O 7.Qe2 a6 8.h3 b5 9.
Ba2 Be6 10.Nd5 Bxd5 11.exd5 Nb8 12.O-O Nbd7 13.d4 e4 14.Nd2 Nb6 15.Nxe4 
Nbxd5 16.Ng3 Re8 17.Qf3 Nb6 18.Bg5 h6 19.Bd2 Nc4 20.Bc1 d5 21.Nf5 Bf8 22.
c3 Ne4 23.Bb1 Ncd2 24.Bxd2 Nxd2 25.Qd3 Nxb1 26.Rfxb1 Qg5 27.Qf3 c6 28.a4 
g6 29.Ne3 Bd6 30.b4 Qf4 31.Qxf4 Bxf4 32.Re1 Kg7 33.g3 Bxe3 34.Rxe3 Rxe3 
35.fxe3 Re8 36.Kf2 f5 37.Kf3 Kf6 38.axb5 axb5 39.Ra7 g5 40.Rc7 Re6 41.Rc8 
h5 42.Rf8+ Kg6 43.Rg8+ Kf6 44.Rf8+ Kg6 45.Rg8+ Kf6 46.Rf8+ 1/2-1/2

[Event "30. Augsburger Friedensfest-Open"]
[Site "Augsburg"]
[Date "2025.08.08"]
[Round "3.20"]
[White "Schrauder, Ulrich"]
[Black "Baeuml, Ulrich"]
[Result "0-1"]
[WhiteElo "1876"]
[BlackElo "2055"]
[EventDate "2025.08.07"]
[Time "09:30:00"]
[WhiteNrv "1876"]
[BlackNrv "2055"]
[WhiteTwz "1876"]
[BlackTwz "2055"]
[WhiteFideId "16266749"]
[BlackFideId "4635051"]
[WhiteNatFedId "10198572"]
[BlackNatFedId "10006494"]
[WhiteAttr "M"]
[BlackAttr "M"]
[WhiteTeam "TSV Mindelheim"]
[BlackTeam "SC Dillingen"]

1.d4 e6 2.c4 Nf6 3.Nc3 Bb4 4.a3 Bxc3+ 5.bxc3 d5 6.e3 O-O 7.Nf3 Nbd7 8.Qc2 
b6 9.cxd5 exd5 10.Be2 Re8 11.O-O c5 12.a4 Bb7 13.Ba3 Rc8 14.Qb1 Ne4 15.Qb2
Qc7 16.Rfc1 c4 17.Rab1 Bc6 18.Qc2 Re6 19.Nd2 Nxd2 20.Qxd2 Bxa4 21.Bg4 Rh6 
22.h3 Re8 23.Re1 Nf6 24.f3 Nxg4 25.fxg4 Rhe6 26.Bc1 Re4 27.Qf2 Qd7 28.Rf1 
R8e6 29.Ra1 Rf6 30.Qg3 Rxf1+ 31.Kxf1 h6 32.g5 hxg5 33.Qxg5 Bc2 34.g4 Re6 
35.Ra2 Rf6+ 36.Kg1 Be4 37.Rf2 Rxf2 38.Kxf2 f6 39.Qh5 Qa4 40.Bd2 g6 41.Qh4 
Qd1 0-1

[Event "30. Augsburger Friedensfest-Open"]
[Site "Augsburg"]
[Date "2025.08.08"]
[Round "3.21"]
[White "Kurka, Christopher-Ulrich"]
[Black "Dauer, Maximilian"]
[Result "0-1"]
[WhiteElo "1870"]
[BlackElo "2035"]
[EventDate "2025.08.07"]
[Time "09:30:00"]
[WhiteNrv "1870"]
[BlackNrv "2035"]
[WhiteTwz "1870"]
[BlackTwz "2035"]
[WhiteFideId "16256328"]
[BlackFideId "1270802"]
[WhiteNatFedId "10121751"]
[BlackNatFedId "10033526"]
[WhiteAttr "M"]
[BlackAttr "M"]
[WhiteTeam "Duesseldorfer SK 14/25 e."]
[BlackTeam "Spgem Koetz/Ichenhausen"]

1.d4 d5 2.c4 c6 3.Nf3 Nf6 4.Nc3 a6 5.c5 g6 6.Bf4 Bg7 7.e3 Bf5 8.Bd3 Bxd3 
9.Qxd3 Nbd7 10.h3 O-O 11.O-O Re8 12.b4 Nh5 13.Bh2 e5 14.dxe5 Nxe5 15.Nxe5 
Bxe5 16.Bxe5 Rxe5 17.Qd4 Re8 18.a4 Qe7 19.b5 axb5 20.axb5 Ng7 21.bxc6 bxc6
22.Qb4 Ne6 23.Rxa8 Rxa8 24.Ne2 Qxc5 25.Qxc5 Nxc5 26.Nd4 Ra6 27.Rc1 Nd3 28.
Rxc6 Ra1+ 29.Kh2 Nxf2 30.Kg3 Ra2 31.Nc2 Nd3 32.Rc3 Ne5 33.Rc5 Nc4 34.Nb4 
Ra3 35.Nxd5 Nxe3 36.Rc3 Nf5+ 37.Kf4 Ra4+ 38.Kf3 Kg7 39.g4 Nd4+ 40.Ke3 Ne6 
41.Kf3 Ng5+ 42.Kg2 Ra2+ 43.Kg1 Ne4 44.Re3 Nf6 45.Nf4 g5 46.Ne2 h5 47.gxh5 
Nxh5 48.Nd4 Kg6 49.Rb3 Nf4 50.Kh1 f6 51.Re3 Rd2 52.Nf3 Ra2 53.Ng1 Kf5 54.
Rb3 Nh5 55.Rb5+ Kg6 56.Rb3 Nf4 57.Re3 Kh5 58.Rb3 f5 59.Re3 Rb2 60.Ra3 g4 
61.hxg4+ fxg4 62.Ra4 Kg5 63.Ra5+ Kh4 64.Ra3 Rb1 65.Kh2 g3+ 66.Kh1 Rb2 67.
Ra1 Rh2# 0-1

[Event "30. Augsburger Friedensfest-Open"]
[Site "Augsburg"]
[Date "2025.08.08"]
[Round "3.22"]
[White "Roebers, Jan"]
[Black "Nagy, Peter"]
[Result "1/2-1/2"]
[WhiteElo "2030"]
[BlackElo "1878"]
[EventDate "2025.08.07"]
[Time "09:30:00"]
[WhiteNrv "2030"]
[BlackNrv "1878"]
[WhiteTwz "2030"]
[BlackTwz "1878"]
[WhiteTitle "FM"]
[WhiteFideId "1007815"]
[BlackFideId "34629211"]
[BlackNatFedId "10793259"]
[WhiteAttr "M"]
[BlackAttr "M"]
[WhiteTeam "?"]
[BlackTeam "Rosenheimer-SV in der"]

1.e4 e6 2.d4 d5 3.e5 c5 4.c3 Nc6 5.Nf3 Bd7 6.Bd3 cxd4 7.O-O Nge7 8.Re1 
dxc3 9.Nxc3 Ng6 10.g3 Be7 11.h4 O-O 12.h5 Nh8 13.a3 Rc8 14.Kg2 f5 15.exf6 
gxf6 16.Bh6 Nf7 17.Bxf8 Bxf8 18.Rc1 Bh6 19.Rc2 f5 20.Bf1 Qf6 21.b4 Nxb4 
22.axb4 Rxc3 23.Rxc3 Qxc3 24.b5 Bg7 25.Qb1 e5 26.Rc1 Qa5 27.Nh4 e4 28.Qb3 
Be6 29.Nxf5 Bxf5 30.Qxd5 Qa3 31.Rc7 Qf3+ 32.Kg1 Qxh5 33.Bc4 Bg6 34.Rxb7 
Qxd5 35.Bxd5 Bd4 36.Rd7 Bc5 37.Rc7 Bb6 38.Rc4 e3 39.fxe3 Bxe3+ 40.Kg2 Kg7 
41.Be4 Bh5 42.g4 Bxg4 43.Bxh7 Be2 44.Re4 Bxb5 45.Rxe3 Kxh7 46.Re7 Kg6 47.
Rxa7 Bc4 1/2-1/2

[Event "30. Augsburger Friedensfest-Open"]
[Site "Augsburg"]
[Date "2025.08.08"]
[Round "3.23"]
[White "Roebers, Bregje"]
[Black "Rempel, Alexander"]
[Result "0-1"]
[WhiteElo "2030"]
[BlackElo "1874"]
[EventDate "2025.08.07"]
[Time "09:30:00"]
[WhiteNrv "2030"]
[BlackNrv "1874"]
[WhiteTwz "2030"]
[BlackTwz "1874"]
[WhiteFideId "1085174"]
[BlackFideId "34618600"]
[BlackNatFedId "10586418"]
[WhiteAttr "W"]
[BlackAttr "M"]
[WhiteTeam "?"]
[BlackTeam "SF Augsburg"]

1.e4 e5 2.Nf3 Nc6 3.Bb5 a6 4.Ba4 Nf6 5.O-O Be7 6.Re1 b5 7.Bb3 O-O 8.c3 d6 
9.h3 Nb8 10.d3 Bb7 11.Nbd2 Nbd7 12.Nf1 c5 13.Bc2 Re8 14.Ng3 Bf8 15.a4 d5 
16.axb5 axb5 17.Rxa8 Qxa8 18.Qe2 g6 19.Nf1 Bg7 20.N3d2 Bh6 21.Ne3 Kg7 22.
g3 Rc8 23.Ng4 Nxg4 24.hxg4 c4 25.Kg2 Nc5 26.dxc4 dxc4 27.f3 Rd8 28.Rh1 Nd3
29.Bxd3 cxd3 30.Qf2 Rc8 31.Qb6 Qa6 32.Qf2 b4 33.f4 bxc3 34.bxc3 g5 35.f5 
Rxc3 36.f6+ Kg8 37.Rxh6 Qe6 38.Rh1 Rc2 39.Qf3 Qc8 40.Qxd3 h6 41.Ba3 Rxd2+ 
42.Qxd2 Bxe4+ 43.Kh2 Bxh1 44.Bd6 Bf3 45.Bxe5 Qxg4 46.Kg1 Qe4 47.Bc3 Kh7 
48.Qe1 Qc2 49.Qd2 Qf5 50.Qe1 Kg6 51.Kh2 Qc2+ 52.Qd2 Qxd2+ 53.Bxd2 Kxf6 54.
Kg1 Kf5 55.Kf2 Kg4 56.Bc3 f5 57.Be5 h5 58.Ke3 Bc6 59.Kf2 h4 60.gxh4 Kxh4 
61.Bf6 Kg4 62.Be7 f4 63.Bd8 Kf5 64.Be7 g4 65.Bh4 Ke4 66.Kf1 Kf3 67.Bf2 
Bb5+ 68.Kg1 Ke2 69.Bc5 Bc6 70.Bd6 Kf3 71.Kf1 Bb5+ 72.Kg1 Bc4 73.Bc7 g3 74.
Bd6 Kg4 75.Bb8 f3 76.Ba7 Kf5 77.Bb6 Ke4 78.Ba7 Kd3 0-1

[Event "30. Augsburger Friedensfest-Open"]
[Site "Augsburg"]
[Date "2025.08.08"]
[Round "3.24"]
[White "Schrimpf, Michael"]
[Black "Lang, Thomas"]
[Result "0-1"]
[WhiteElo "1863"]
[BlackElo "2003"]
[EventDate "2025.08.07"]
[Time "09:30:00"]
[WhiteNrv "1863"]
[BlackNrv "2003"]
[WhiteTwz "1863"]
[BlackTwz "2003"]
[WhiteFideId "1676237"]
[BlackFideId "12982520"]
[WhiteNatFedId "10841479"]
[BlackNatFedId "10286870"]
[WhiteAttr "M"]
[BlackAttr "M"]
[WhiteTeam "SF Augsburg"]
[BlackTeam "SG Schwaebisch Gmuend 1872 e.V"]

1.e4 c5 2.Nf3 Nf6 3.Nc3 Nc6 4.d4 cxd4 5.Nxd4 d6 6.Bg5 e6 7.Qd2 Be7 8.O-O-O
Nxd4 9.Qxd4 O-O 10.f4 Qa5 11.Be2 Rd8 12.Rhf1 Bd7 13.f5 Rac8 14.Rd3 e5 15.
Qe3 Bc6 16.Rfd1 Qc7 17.R1d2 b5 18.Nd5 Bxd5 19.exd5 Ne4 20.f6 Nxd2 21.Rc3 
Nc4 22.fxe7 Re8 23.Qg3 Qb6 24.Bf6 Qg1+ 25.Bd1 g6 26.Qg5 Qxh2 27.Rh3 Qf4+ 
28.Qxf4 exf4 29.Bg4 Rc7 30.Rc3 b4 31.Rxc4 Rxc4 32.Bd7 Rxe7 33.Bxe7 Rc7 34.
Bxd6 Rxd7 35.Bxb4 Rxd5 36.c4 Rg5 37.c5 Kf8 38.c6+ Ke8 39.Bd6 Rxg2 40.Bxf4 
h5 41.Bb8 a6 42.b4 Rxa2 0-1

[Event "30. Augsburger Friedensfest-Open"]
[Site "Augsburg"]
[Date "2025.08.08"]
[Round "3.25"]
[White "Westerhof, Fleur"]
[Black "Schreck, Alexander"]
[Result "1-0"]
[WhiteElo "1987"]
[BlackElo "1869"]
[EventDate "2025.08.07"]
[Time "09:30:00"]
[WhiteNrv "1987"]
[BlackNrv "1869"]
[WhiteTwz "1987"]
[BlackTwz "1869"]
[WhiteFideId "1080369"]
[BlackFideId "1271739"]
[WhiteNatFedId "10890447"]
[BlackNatFedId "10198594"]
[WhiteAttr "W"]
[BlackAttr "M"]
[WhiteTeam "SK Turm Kleve 1974 e. V."]
[BlackTeam "Godesberger SK 1929 e. V"]

1.e4 c5 2.Nf3 d6 3.d4 cxd4 4.Nxd4 Nf6 5.Nc3 Nc6 6.f3 e5 7.Nb3 Be6 8.Be3 
Be7 9.Qd2 O-O 10.O-O-O a5 11.a4 Nb4 12.g4 Rc8 13.Kb1 d5 14.g5 Nh5 15.exd5 
Bf5 16.Na1 Bd6 17.Ne4 Nf4 18.Bxf4 exf4 19.h4 Qb6 20.c3 Na6 21.Bd3 Bxe4 22.
Bxe4 Be5 23.Ka2 Rc4 24.Bxh7+ Kh8 25.Bc2 1-0

[Event "30. Augsburger Friedensfest-Open"]
[Site "Augsburg"]
[Date "2025.08.08"]
[Round "3.26"]
[White "Kaufmann, Ben"]
[Black "Rinderle, Matthias Dr."]
[Result "0-1"]
[WhiteElo "1859"]
[BlackElo "1968"]
[EventDate "2025.08.07"]
[Time "09:30:00"]
[WhiteNrv "1859"]
[BlackNrv "1968"]
[WhiteTwz "1859"]
[BlackTwz "1968"]
[WhiteFideId "34687068"]
[BlackFideId "533033340"]
[WhiteNatFedId "10489709"]
[BlackNatFedId "10177473"]
[WhiteAttr "M"]
[BlackAttr "M"]
[WhiteTeam "SK Sontheim/Brenz e.V."]
[BlackTeam "SK Rochade Augsburg"]

1.e4 d6 2.d4 Nf6 3.Nc3 e5 4.dxe5 dxe5 5.Qxd8+ Kxd8 6.Nf3 Bd6 7.Bc4 Ke7 8.
Bg5 c6 9.O-O-O Bc7 10.Bh4 Nd7 11.Rd2 h6 12.Rhd1 Re8 13.Ne1 Kf8 14.f3 b5 
15.Bb3 a5 16.a3 Nc5 17.Ba2 b4 18.Nb1 Nfd7 19.Bf2 Rb8 20.Nd3 Ne6 21.Bxe6 
Rxe6 22.Nc5 Nxc5 23.Bxc5+ Ke8 24.axb4 axb4 25.Bd6 Bxd6 26.Rxd6 Rxd6 27.
Rxd6 Bd7 28.Nd2 Ke7 29.Rd3 c5 30.Rd5 Rc8 31.Rxe5+ Be6 32.Rh5 Kd6 33.b3 Rh8
34.g4 g6 35.Rh4 g5 36.Rh3 Ke5 37.Kb2 Kf4 38.Nc4 Bxc4 39.bxc4 Ke3 40.c3 
bxc3+ 41.Kxc3 Kf2 42.Rg3 Rd8 43.Rh3 Rd6 44.Rg3 Ke2 45.Rh3 Rf6 46.Kc2 Kf2 
47.e5 Rb6 48.Kc3 Kg2 49.Rh5 Kxf3 50.Rh3+ Kxg4 51.Rd3 Kf5 52.Rf3+ Kg6 53.
Rd3 Kf5 54.Rd7 Kxe5 55.Rxf7 Rf6 56.Re7+ Re6 57.Rc7 Kd6 58.Rf7 Re3+ 59.Kd2 
Rh3 60.Rf2 Ke5 61.Rg2 Ra3 0-1

[Event "30. Augsburger Friedensfest-Open"]
[Site "Augsburg"]
[Date "2025.08.08"]
[Round "3.27"]
[White "Wezel, Sebastian"]
[Black "Chua, Daniel James"]
[Result "1/2-1/2"]
[WhiteElo "1965"]
[BlackElo "1862"]
[EventDate "2025.08.07"]
[Time "09:30:00"]
[WhiteNrv "1965"]
[BlackNrv "1862"]
[WhiteTwz "1965"]
[BlackTwz "1862"]
[WhiteFideId "24677884"]
[BlackFideId "34608354"]
[WhiteNatFedId "10240928"]
[BlackNatFedId "10758008"]
[WhiteAttr "M"]
[BlackAttr "M"]
[WhiteTeam "SV Dettingen Erms"]
[BlackTeam "SC Garching 1980 e.V."]

1.e4 e5 2.Nf3 Nc6 3.Bc4 Bc5 4.O-O Nf6 5.d4 Bxd4 6.Nxd4 Nxd4 7.f4 d6 8.fxe5
dxe5 9.Bg5 Bg4 10.Bxf7+ Kxf7 11.Qxg4 h6 12.Qh5+ g6 13.Bxf6 gxh5 14.Bxd8+ 
Ke6 15.Bf6 Rhf8 16.Nc3 Rxf6 17.Rxf6+ Kxf6 18.Nd5+ Kg7 19.c3 Ne6 20.Kf2 Rd8
21.Re1 c6 22.Ne7 Nf4 23.Nf5+ Kf8 24.Kf1 Rd2 25.g3 Nd3 26.Re2 Rxb2 27.Rxb2 
Nxb2 28.Ke2 Na4 29.Kd3 b5 30.Nxh6 a5 31.g4 c5 32.gxh5 c4+ 33.Kc2 Nc5 34.
Ng4 b4 35.cxb4 axb4 36.Nxe5 b3+ 37.axb3 cxb3+ 38.Kb2 Nxe4 39.Kxb3 Kg7 40.
Ng4 Nf6 41.h3 Nxh5 1/2-1/2

[Event "30. Augsburger Friedensfest-Open"]
[Site "Augsburg"]
[Date "2025.08.08"]
[Round "3.28"]
[White "Mittermaier, Johann"]
[Black "Vuong, Anh-Tu"]
[Result "0-1"]
[WhiteElo "1828"]
[BlackElo "1963"]
[EventDate "2025.08.07"]
[Time "09:30:00"]
[WhiteNrv "1828"]
[BlackNrv "1963"]
[WhiteTwz "1828"]
[BlackTwz "1963"]
[WhiteFideId "16208382"]
[BlackFideId "34658920"]
[WhiteNatFedId "10144722"]
[BlackNatFedId "10232351"]
[WhiteAttr "M"]
[BlackAttr "*"]
[WhiteTeam "SV Deggendorf"]
[BlackTeam "SG Schwabing Muenchen Nord e.V."]

1.e4 c5 2.Nf3 d6 3.d3 Nc6 4.g3 g6 5.Bg2 Bg7 6.O-O e5 7.Re1 Nge7 8.c3 O-O 
9.Nbd2 b5 10.a4 b4 11.Nc4 Rb8 12.Bg5 h6 13.Be3 Kh7 14.h4 Be6 15.Nfd2 f5 
16.f4 bxc3 17.bxc3 exf4 18.Bxf4 Bxc4 19.Nxc4 Bxc3 20.Bxd6 Rb4 21.Bxc5 Bxa1
22.Qxa1 Qxd3 23.Bxb4 Nxb4 24.Ne5 Qxg3 25.Rd1 fxe4 26.Qd4 Nc2 27.Qd6 Qf2+ 
28.Kh2 Qxh4+ 29.Kg1 Qf2+ 30.Kh2 Qh4+ 31.Kg1 Ne3 32.Rd2 Qg5 33.Nc6 Rf1+ 34.
Kh2 Ng4+ 35.Kh3 Qh5+ 36.Kg3 Nf5# 0-1

[Event "30. Augsburger Friedensfest-Open"]
[Site "Augsburg"]
[Date "2025.08.08"]
[Round "3.29"]
[White "Birth, Waldemar"]
[Black "Wietschorke, Jens"]
[Result "0-1"]
[WhiteElo "1950"]
[BlackElo "1841"]
[EventDate "2025.08.07"]
[Time "09:30:00"]
[WhiteNrv "1950"]
[BlackNrv "1841"]
[WhiteTwz "1950"]
[BlackTwz "1841"]
[WhiteFideId "24640310"]
[BlackFideId "16296176"]
[WhiteNatFedId "10016927"]
[BlackNatFedId "10242290"]
[WhiteAttr "M"]
[BlackAttr "M"]
[WhiteTeam "SK Rochade Augsburg"]
[BlackTeam "SK Caissa Augsburg"]

1.d4 d5 2.c4 dxc4 3.Nc3 a6 4.a4 e5 5.d5 Bb4 6.e3 Nf6 7.Bxc4 c6 8.dxc6 
Qxd1+ 9.Kxd1 Nxc6 10.Bd2 O-O 11.f3 Rd8 12.Ke2 Bf5 13.Nb1 Rac8 14.Bxb4 Nxb4
15.Bb3 Nd3 16.Nd2 Nc1+ 17.Rxc1 Rxc1 18.e4 Be6 19.Bd1 Bc4+ 20.Ke1 Bb3 21.
Nxb3 Rdxd1+ 22.Kf2 Rf1+ 0-1

[Event "30. Augsburger Friedensfest-Open"]
[Site "Augsburg"]
[Date "2025.08.08"]
[Round "3.30"]
[White "Schultes, Christoph Dr."]
[Black "Schuelke, Tilman"]
[Result "0-1"]
[WhiteElo "1945"]
[BlackElo "1816"]
[EventDate "2025.08.07"]
[Time "09:30:00"]
[WhiteNrv "1945"]
[BlackNrv "1816"]
[WhiteTwz "1945"]
[BlackTwz "1816"]
[WhiteFideId "12905674"]
[BlackFideId "4647475"]
[WhiteNatFedId "10201277"]
[BlackNatFedId "10200219"]
[WhiteAttr "*"]
[BlackAttr "M"]
[WhiteTeam "SK Landau-Dingolfing"]
[BlackTeam "SF Pfullingen"]

1.d4 d6 2.e4 Nf6 3.f3 e5 4.dxe5 dxe5 5.Qxd8+ Kxd8 6.Bc4 Ke8 7.Be3 Nbd7 8.
Nc3 c6 9.a3 Bc5 10.Bxc5 Nxc5 11.Nge2 Be6 12.Bxe6 Nxe6 13.O-O-O Ke7 14.Ng3 
g6 15.Nce2 h5 16.Nf1 Rad8 17.Ne3 b5 18.Rxd8 Rxd8 19.Rd1 Nd4 20.Ng1 Rd6 21.
c3 Ne6 22.Ne2 Rxd1+ 23.Kxd1 Kd6 24.Kc2 a6 25.Nc1 h4 26.h3 Nh5 27.Nd3 Nef4 
28.Ne1 Ng3 29.Nd3 Nxd3 30.Kxd3 a5 31.b3 f5 32.a4 fxe4+ 33.fxe4 Nh5 34.axb5
cxb5 35.c4 Nf4+ 36.Kc3 b4+ 37.Kd2 Kc5 38.Nd5 Nxg2 39.Ne7 Nf4 40.Ke3 g5 41.
Kf3 a4 0-1

[Event "30. Augsburger Friedensfest-Open"]
[Site "Augsburg"]
[Date "2025.08.08"]
[Round "3.31"]
[White "Schaad, Simon Ulrich Maria"]
[Black "Fresser, Stefan"]
[Result "0-1"]
[WhiteElo "1787"]
[BlackElo "1944"]
[EventDate "2025.08.07"]
[Time "09:30:00"]
[WhiteNrv "1787"]
[BlackNrv "1944"]
[WhiteTwz "1787"]
[BlackTwz "1944"]
[WhiteFideId "24697036"]
[BlackFideId "12987123"]
[WhiteNatFedId "10253400"]
[BlackNatFedId "10053941"]
[WhiteAttr "M"]
[BlackAttr "M"]
[WhiteTeam "SK Keres-Augsburg 1980"]
[BlackTeam "SF Neuberg"]

1.e4 c6 2.d4 d5 3.Nd2 dxe4 4.Nxe4 Nf6 5.Ng5 h6 6.Nxf7 Kxf7 7.Nf3 Nbd7 8.
Bc4+ e6 9.O-O Bd6 10.Re1 Re8 11.Ne5+ Bxe5 12.dxe5 Nxe5 13.Qxd8 Rxd8 14.
Rxe5 Rd1+ 15.Bf1 b6 16.b3 Ng4 17.Re4 Nxh2 18.Bb2 Rxa1 19.Bxa1 Nxf1 20.Kxf1
Ba6+ 21.Ke1 g5 22.Be5 c5 23.f3 Bb7 24.Re2 Rd8 25.Bc7 Rc8 26.Be5 c4 27.Rd2 
Bd5 28.Kf2 Kg6 29.Re2 h5 30.f4 Rf8 31.Ke3 g4 32.g3 Rf7 33.Rh2 Rh7 34.Rh4 
Kf5 35.Bb8 a6 36.Be5 Be4 37.Kd4 Bxc2 38.Kxc4 Ke4 39.Rh2 Bd3+ 40.Kc3 h4 41.
gxh4 g3 42.Rg2 Kf3 43.Rxg3+ Kxg3 44.Kxd3 Kf3 45.a4 Rxh4 46.Bc7 Rxf4 0-1

[Event "30. Augsburger Friedensfest-Open"]
[Site "Augsburg"]
[Date "2025.08.08"]
[Round "3.32"]
[White "Frenkel, Matthias"]
[Black "Doebel, Maximilian"]
[Result "1-0"]
[WhiteElo "1925"]
[BlackElo "1799"]
[EventDate "2025.08.07"]
[Time "09:30:00"]
[WhiteNrv "1925"]
[BlackNrv "1799"]
[WhiteTwz "1925"]
[BlackTwz "1799"]
[WhiteFideId "34619267"]
[BlackFideId "34650768"]
[WhiteNatFedId "10437364"]
[BlackNatFedId "10437353"]
[WhiteAttr "M"]
[BlackAttr "M"]
[WhiteTeam "SK Kriegshaber"]
[BlackTeam "SF Augsburg"]

1.d4 Nf6 2.c4 e6 3.Nc3 Bb4 4.Bd2 O-O 5.Nf3 d5 6.e3 c5 7.a3 cxd4 8.axb4 
dxc3 9.Bxc3 dxc4 10.Bxc4 Qc7 11.Qe2 Nbd7 12.O-O Nb6 13.Bd3 Nbd5 14.Be5 Qe7
15.b5 Nb4 16.Rfd1 Nd7 17.Bd6 1-0

[Event "30. Augsburger Friedensfest-Open"]
[Site "Augsburg"]
[Date "2025.08.08"]
[Round "3.33"]
[White "Zimmermann, Felix"]
[Black "Mohm, Marvin"]
[Result "1-0"]
[WhiteElo "1924"]
[BlackElo "1739"]
[EventDate "2025.08.07"]
[Time "09:30:00"]
[WhiteNrv "1924"]
[BlackNrv "1739"]
[WhiteTwz "1924"]
[BlackTwz "1739"]
[WhiteFideId "12989720"]
[BlackFideId "34659943"]
[WhiteNatFedId "10262226"]
[BlackNatFedId "10404202"]
[WhiteAttr "M"]
[BlackAttr "M"]
[WhiteTeam "SV Gruen-W. Niederwiesa"]
[BlackTeam "SK Koenigsbrunn"]

1.d4 d5 2.Nf3 Nf6 3.c4 c6 4.Nc3 e6 5.g3 Be7 6.Bg2 O-O 7.O-O Nbd7 8.b3 b6 
9.cxd5 cxd5 10.Bb2 Bb7 11.Rc1 Rc8 12.Nd2 Bb4 13.a3 Bxc3 14.Bxc3 Qc7 15.Bb4
Qxc1 16.Qxc1 Rxc1 17.Rxc1 Rc8 18.Rxc8+ Bxc8 19.e4 Bb7 20.e5 Ne8 21.Bf1 Nb8
22.Bb5 Bc6 23.Bd3 Bb7 24.f4 Nc6 25.Bc3 g6 26.Kf2 Ng7 27.g4 h5 28.h3 hxg4 
29.hxg4 Kf8 30.Kg3 Nb8 31.b4 Na6 32.a4 Nc7 33.Kh4 a6 34.Nb3 Kg8 35.a5 b5 
36.Nc5 Bc8 37.Bd2 Kh8 38.Be1 Kh7 39.Kh3 Nce8 40.Bh4 Kh6 41.Bd8 Kh7 42.Kg3 
Kg8 43.Kh4 Kh7 44.Kg5 Kg8 45.Bxb5 axb5 46.a6 Bxa6 47.Nxa6 1-0

[Event "30. Augsburger Friedensfest-Open"]
[Site "Augsburg"]
[Date "2025.08.08"]
[Round "3.34"]
[White "Pieczka, Kevin"]
[Black "Iberl, Michael"]
[Result "1/2-1/2"]
[WhiteElo "1725"]
[BlackElo "1922"]
[EventDate "2025.08.07"]
[Time "09:30:00"]
[WhiteNrv "1725"]
[BlackNrv "1922"]
[WhiteTwz "1725"]
[BlackTwz "1922"]
[WhiteFideId "12968072"]
[BlackFideId "4644085"]
[WhiteNatFedId "10272131"]
[BlackNatFedId "10091886"]
[WhiteAttr "M"]
[BlackAttr "M"]
[WhiteTeam "SV Jedesheim 1921"]
[BlackTeam "SF Dachau 1932 e.V."]

1.e4 c5 2.Nf3 Nc6 3.Bb5 g6 4.O-O Bg7 5.Re1 Nf6 6.c3 O-O 7.d4 cxd4 8.cxd4 
d5 9.e5 Ne4 10.Bxc6 bxc6 11.Nc3 Nxc3 12.bxc3 Qa5 13.Qb3 Bf5 14.Qb4 Qc7 15.
a4 h6 16.Ba3 Rfe8 17.Qb2 Rab8 18.Qd2 Bg4 19.Qf4 Qd7 20.h3 Bf5 21.g4 Bc2 
22.a5 g5 23.Qe3 Qe6 24.Bb4 Qg6 25.Re2 Bd3 26.Rd2 Bb5 27.Rb2 a6 28.Rab1 Bd3
29.Rd1 1/2-1/2

[Event "30. Augsburger Friedensfest-Open"]
[Site "Augsburg"]
[Date "2025.08.08"]
[Round "3.35"]
[White "Rybakov, Oleksiy"]
[Black "Hofbauer, Bernhard"]
[Result "0-1"]
[WhiteElo "1637"]
[BlackElo "1913"]
[EventDate "2025.08.07"]
[Time "09:30:00"]
[WhiteNrv "1637"]
[BlackNrv "1913"]
[WhiteTwz "1637"]
[BlackTwz "1913"]
[WhiteFideId "533018120"]
[BlackFideId "34666303"]
[WhiteNatFedId "10879819"]
[BlackNatFedId "10086413"]
[WhiteAttr "*"]
[BlackAttr "M"]
[WhiteTeam "SC Noris-Tarrasch Nuernberg 1873"]
[BlackTeam "SK Tarrasch 1945 Muenchen"]

1.e4 e6 2.d4 d5 3.Nc3 Nf6 4.e5 Nfd7 5.f4 c5 6.Nf3 Nc6 7.Be3 a6 8.Qd2 Be7 
9.dxc5 Nxc5 10.O-O-O Qa5 11.Kb1 Bd7 12.Nd4 Rc8 13.Nb3 Nxb3 14.cxb3 Qc7 15.
Na4 d4 16.Bf2 b5 17.Bd3 bxa4 18.bxa4 Qb6 19.Be4 Bc5 20.Bxc6 Bxc6 21.Bxd4 
Be4+ 22.Ka1 Bxd4 23.Qxd4 Qxd4 24.Rxd4 Bxg2 25.Rg1 Bd5 26.b3 g6 27.Rb4 O-O 
28.h4 h6 29.h5 Kh7 30.hxg6+ fxg6 31.Kb2 Rf7 32.Rf1 h5 33.Rb6 Rc6 34.Rb8 h4
35.Rf2 g5 36.Rb4 h3 37.Rh2 Bg2 38.fxg5 Rf2+ 39.Ka3 Kg6 40.Rh4 Rcc2 41.Rh6+
Kxg5 42.Rxe6 a5 43.b4 Rf3# 0-1

[Event "30. Augsburger Friedensfest-Open"]
[Site "Augsburg"]
[Date "2025.08.08"]
[Round "3.37"]
[White "Reis, Thomas"]
[Black "Haselbeck, Franz"]
[Result "1-0"]
[WhiteElo "2178"]
[BlackElo "1931"]
[EventDate "2025.08.07"]
[Time "09:30:00"]
[WhiteNrv "2178"]
[BlackNrv "1931"]
[WhiteTwz "2178"]
[BlackTwz "1931"]
[WhiteFideId "4678699"]
[BlackFideId "1270356"]
[WhiteNatFedId "10174084"]
[BlackNatFedId "10075444"]
[WhiteAttr "M"]
[BlackAttr "M"]
[WhiteTeam "SK Kriegshaber"]
[BlackTeam "SV Deggendorf"]

1.d4 c5 2.d5 Nf6 3.Nf3 e6 4.c4 exd5 5.cxd5 d6 6.Nc3 g6 7.e3 Bg7 8.Be2 a6 
9.a4 Bg4 10.O-O Nbd7 11.h3 Bxf3 12.Bxf3 O-O 13.Bd2 Rb8 14.Rb1 b5 15.axb5 
axb5 16.b4 c4 17.Ra1 Ne8 18.Ra5 Nc7 19.Qc2 Ne5 20.Be2 Qe7 21.Ra7 Rfc8 22.
Rfa1 Nd7 23.R1a5 Bxc3 24.Qxc3 Nxd5 25.Qd4 c3 26.Qxd5 cxd2 27.Qxd2 Qe6 28.
Rxb5 Rxb5 29.Bxb5 Ne5 30.Ra6 Qf5 31.Qxd6 Nf3+ 32.gxf3 Qxb5 33.Ra1 Qg5+ 34.
Qg3 Qf6 35.Rb1 h5 36.b5 Qb6 37.Qe5 Rc5 38.Qe8+ Kg7 39.f4 Rc2 40.Qe5+ Kg8 
41.Rd1 Rc8 42.Rd6 Qb7 43.Qd5 Qa7 44.Rxg6+ Kh7 45.Qxh5# 1-0

[Event "30. Augsburger Friedensfest-Open"]
[Site "Augsburg"]
[Date "2025.08.08"]
[Round "3.39"]
[White "Kaufmann, Thorsten"]
[Black "Hornung, Hans Dr."]
[Result "1/2-1/2"]
[WhiteElo "1998"]
[BlackElo "1909"]
[EventDate "2025.08.07"]
[Time "09:30:00"]
[WhiteNrv "1998"]
[BlackNrv "1909"]
[WhiteTwz "1998"]
[BlackTwz "1909"]
[WhiteFideId "24647950"]
[BlackFideId "4615140"]
[WhiteNatFedId "10101131"]
[BlackNatFedId "10089462"]
[WhiteAttr "M"]
[BlackAttr "M"]
[WhiteTeam "SK Sontheim/Brenz e.V."]
[BlackTeam "SK Klosterlechfeld"]

1.e4 e5 2.Nf3 Nc6 3.Bb5 a6 4.Ba4 Nf6 5.O-O d6 6.Re1 Bd7 7.c3 g6 8.d4 Bg7 
9.Bg5 h6 10.Bh4 O-O 11.dxe5 dxe5 12.Nbd2 Qe8 13.Qe2 Nh5 14.Bg3 Qe7 15.Bc2 
Qf6 16.Nc4 Bg4 17.Bd1 Nf4 18.Qc2 Be6 19.Ne3 Rad8 20.Be2 Rd7 21.Bc4 Rfd8 
22.Rad1 Bxc4 23.Rxd7 Rxd7 24.Nxc4 Qe6 25.b3 Nh5 26.Rd1 Nxg3 27.hxg3 Bf6 
28.Ne3 Ne7 29.Rd3 c6 30.Qd1 Rxd3 31.Qxd3 Kg7 32.Nc4 Nc8 33.Qe3 Nd6 34.Nxd6
Qxd6 35.Qd2 Qc5 36.Ne1 Bg5 37.Nd3 Qd6 38.Qe2 Bd8 39.f4 Bb6+ 40.Kh2 exf4 
41.gxf4 Qf6 42.Qe1 1/2-1/2